000 01855nam a2200457 a 4500
003 BLK
005 20250119004102.0
008 180412b bul|||||r ||||||| ||bul||
010 _aKNG00002658000
040 _aBLK
041 _aBUL
_cBUL
080 _aНаследствено право. Наследяване
_b347.65
_z347.65
080 _aПериод на кризата на феодализма, зараждане на капиталистически отношения. Възраждане на българския народ (II пол. на ХVIII в. - 1878 г.)
_b94(497.2)"1750/1878"
_z94(497.2)"1750/1878"
100 1 _aБалабанов, Марко Димитриев
_eпърви автор
_9244777
139 _aОбщ занаятчийски и профес. съюз
_bО 25
245 1 0 _aЗавещанието на Сароглу пред Атинските съдилища
_cМарко Димитриев Балабанов.
257 _aBGR
260 _c1893
_fСофия : Държ. печ.
_aСофия
300 _a256 с.
_c20 см
380 _a3
490 _9435080
_aКолекция Редки и ценни издания
500 _aВ кн. авт. означен ***
650 4 _aНаследствено право
_9244778
650 0 _aБългария - история
_9244493
651 4 _aБългария
_9241624
651 4 _aРусе
_9179462
653 _aзавещания
653 _aбългарска история
653 _aнаследствено право
659 _aК
659 _aЦ
852 _aРб 893
_bРц
852 _a К 34/Б 19
856 4 _qpdf
_u
942 _cKNG
_n0
_s1
944 _aCR
_c10.03.2009
_lCRON CRON
_k
944 _aED
_c2020-10-13
999 _c1766
_d1766
999 _d1766
999 _d1766
999 _d1766